Rehabilitando históricamente al porfiriato: una digresión necesaria acerca del régimen de Porfirio Díaz. México 1876-1910 = A historical rehabilitation of the Porfirio Diaz's Regime. Mexico 1876-1910 /
En el artículo hace una reconstrucción y análisis del régimen político en México, entre 1876 a 1910, en el que gobernó Porfirio Díaz; el cual fue derrocado con la Revolución de 1910. Según el autor, a dicha Revolución se le acredita la modernidad mexicana, desdibujando la importancia del Porfiriato,...
Gardado en:
| Autor Principal: | |
|---|---|
| Formato: | Texto |
| Materias: | |
| Etiquetas: |
Engadir etiqueta
Sen Etiquetas, Sexa o primeiro en etiquetar este rexistro!
|
MARC
| LEADER | 00000 a a2200000 04500 | ||
|---|---|---|---|
| 001 | 39923 | ||
| 003 | |||
| 040 | |||
| 100 | |a Moya Gutiérrez, Arnoldo | ||
| 245 | |a Rehabilitando históricamente al porfiriato: una digresión necesaria acerca del régimen de Porfirio Díaz. México 1876-1910 = |b A historical rehabilitation of the Porfirio Diaz's Regime. Mexico 1876-1910 / |c Arnoldo Moya Gutiérrez | ||
| 520 | |a En el artículo hace una reconstrucción y análisis del régimen político en México, entre 1876 a 1910, en el que gobernó Porfirio Díaz; el cual fue derrocado con la Revolución de 1910. Según el autor, a dicha Revolución se le acredita la modernidad mexicana, desdibujando la importancia del Porfiriato, por lo que el presente artículo pretende redimensionarlo como un periodo fundamental en la historia moderna de México. | ||
| 590 | |a SJB/MARZO2011 | ||
| 650 | |a 1.CONFLICTOS POLITICOS | ||
| 650 | |a 2.PODER POLITICO | ||
| 650 | |a 3.GOBIERNO | ||
| 650 | |a 4.REVOLUCION | ||
| 650 | |a 5.ANALISIS HISTORICO | ||
| 650 | |a 6.HISTORIOGRAFIA | ||
| 650 | |a 7.MEXICO | ||
| 773 | |g número119 (2008), 83-105 | ||
| 999 | |c 31568 |d 31568 | ||
| 773 | 0 | |0 18728 |9 3025 |a Universidad de Costa Rica |d San José, Costa Rica Editorial UCR 1956- |o 07593 |t Revista de Ciencias Sociales/ |x 04825276 | |
